The quadrant and the quill (Record no. 113123)

MARC details
000 -LEADER
fixed length control field 00700cam a22001935a 4500
001 - CONTROL NUMBER
control field L154741
008 - FIXED-LENGTH DATA ELEMENTS--GENERAL INFORMATION
fixed length control field 120117e19441217xxk f 000 0 eng d
035 ## - SYSTEM CONTROL NUMBER
System control number (Sirsi) u154741
041 0# - LANGUAGE CODE
Language code of text/sound track or separate title eng
050 04 - LIBRARY OF CONGRESS CALL NUMBER
Classification number 526.990222 $2 18
100 1# - MAIN ENTRY--PERSONAL NAME
Personal name Kenney, Cyril Ernest
245 04 - TITLE STATEMENT
Title The quadrant and the quill
Remainder of title a book written in honour of Captain Samuel Sturmy, "a tryed and trusty sea-man," and author of The Mariner's Magazine, 1669
260 ## - PUBLICATION, DISTRIBUTION, ETC.
Place of publication, distribution, etc. London
Name of publisher, distributor, etc. Metchim and Son
Date of publication, distribution, etc. 1944
300 ## - PHYSICAL DESCRIPTION
Extent 166p.
Other physical details ill.
Dimensions 31cm.
520 ## - SUMMARY, ETC.
Summary, etc. A biography of Captain Samuel Sturmy and a discussion of his book "The Mariner's Magazine: 1669".
651 #4 - SUBJECT ADDED ENTRY--GEOGRAPHIC NAME
Geographic name United Kingdom
Chronological subdivision
690 ## - LOCAL SUBJECT ADDED ENTRY--TOPICAL TERM (OCLC, RLIN)
Topical term or geographic name as entry element Measurement
9 (RLIN) 6256
942 ## - ADDED ENTRY ELEMENTS (KOHA)
Suppress in OPAC 0
Holdings
Withdrawn status Lost status Source of classification or shelving scheme Damaged status Not for loan Home library Current library Shelving location Date acquired Total Checkouts Full call number Barcode Date last seen Copy number Price effective from Koha item type
    Dewey Decimal Classification     London London Basement 17/01/2012   RESERVE 30077139 06/08/2019 1 06/08/2019 Book